| 000 | 00499nam a2200157Ia 4500 | ||
|---|---|---|---|
| 008 | 210716s2012 xx 000 0 und d | ||
| 020 | _a9780749465438 | ||
| 041 | _aeng | ||
| 082 | _a374.22 FOSJ | ||
| 100 | _aFoster, John. | ||
| 245 |
_aWriting skills for public relations: style and technique for mainstream and social media. _bStyle and technique for mainstream and social media. |
||
| 250 | _a5 | ||
| 260 |
_aNew Delhi _bKogan Page _c2012 |
||
| 300 | _axiv,266 | ||
| 650 | _aGeneral Management | ||
| 999 |
_c207801 _d207801 |
||